Main Currents In Modern Economics (Record no. 521900)
[ view plain ]
| 000 -LEADER | |
|---|---|
| fixed length control field | 00232nam a22000977a 4500 |
| 082 ## - DEWEY DECIMAL CLASSIFICATION NUMBER | |
| Classification number | TNC T1 Se48 |
| 100 ## - MAIN ENTRY--PERSONAL NAME | |
| Personal name | Seligman, Ben B. |
| 9 (RLIN) | 36184 |
| 245 ## - TITLE STATEMENT | |
| Title | Main Currents In Modern Economics |
| 260 ## - PUBLICATION, DISTRIBUTION, ETC. (IMPRINT) | |
| Place of publication, distribution, etc | New York |
| Name of publisher, distributor, etc | FP |
| Date of publication, distribution, etc | 1962 |
| 300 ## - PHYSICAL DESCRIPTION | |
| Extent | 887p. |
| Withdrawn status | Lost status | Source of classification or shelving scheme | Damaged status | Koha normalized classification for sorting | Not for loan | Permanent location | Current location | Date acquired | Full call number | Barcode | Date last seen | Price effective from | Koha item type |
|---|---|---|---|---|---|---|---|---|---|---|---|---|---|
| TNC_T1_SE48 | Indian Institute of Public Administration | Indian Institute of Public Administration | 2023-03-01 | TNC T1 Se48 | GR22428 | 2023-03-01 | 2023-03-01 | GR |
